| 000 | 00962nam a22002057a 4500 | ||
|---|---|---|---|
| 999 |
_c58009 _d58009 |
||
| 003 | Ge_BSU | ||
| 005 | 20210422131615.0 | ||
| 008 | 210422s1984 ge ||||| |||| 00| 0 geo d | ||
| 041 | _ageo | ||
| 080 | _a616.89(075.8) ზ-97 | ||
| 100 |
_aზურაბაშვილი, ავლიპი _911538 |
||
| 245 |
_aფსიქიატრია : _b [სახელმძღვ. სამედ. ინ-ტის სტუდენტებისათვის]. / _cა.ზურაბაშვილი , [ რედ. ვ.კობიაშვილი]. |
||
| 250 | _aმე-2 გადამუშავებული გამოცემა | ||
| 264 |
_aთბილისი: _bგანათლება, _c1984. |
||
| 300 |
_a 344გვ. ; _c 24 სმ. |
||
| 653 | _aფსიქიატრია | ||
| 653 | _aმედიცინა | ||
| 700 |
_aკობიაშვილი,ვ _eრედაქტორი _911539 |
||
| 942 |
_2udc _cBK |
||